La mujer (Record no. 37658)
[ view plain ]
| 000 -LEADER | |
|---|---|
| campo de control de longitud fija | 00611nam a2200181 i 4500 |
| 001 - NÚMERO DE CONTROL | |
| campo de control | 37658 |
| 003 - IDENTIFICADOR DE NÚMERO DE CONTROL | |
| campo de control | ES-MaACL |
| 005 - FECHA Y HORA DE LA ÚLTIMA TRANSACCIÓN | |
| campo de control | 20230906155623.0 |
| 007 - CAMPO FIJO DE DESCRIPCIÓN FÍSICA--INFORMACIÓN GENERAL | |
| campo de control de longitud fija | t| |
| 008 - DATOS DE LONGITUD FIJA--INFORMACIÓN GENERAL | |
| campo de control de longitud fija | 030221s1955 sp ||||1| spa d |
| 100 1# - ENTRADA PRINCIPAL--NOMBRE DE PERSONA | |
| Nombre de persona | Buytendijk, Frederik Jacobus Johannes. |
| 9 (RLIN) | 171920 |
| 245 13 - MENCIÓN DEL TÍTULO | |
| Título | La mujer |
| Resto del título | : naturaleza, apariencia, existencia / |
| Mención de responsabilidad, etc. | F.J.J. Buytendijk ; traducción del alemán por Fernando Vela. |
| 260 ## - PUBLICACIÓN, DISTRIBUCIÓN, ETC. | |
| Lugar de publicación, distribución, etc. | Madrid : |
| Nombre del editor, distribuidor, etc. | Revista de Occidente, |
| Fecha de publicación, distribución, etc. | [1955] ( |
| Fabricante | Clavileño) |
| 300 ## - DESCRIPCIÓN FÍSICA | |
| Extensión | 331 p. ; |
| Dimensiones | 22 cm. |
| 650 00 - PUNTO DE ACCESO ADICIONAL DE MATERIA--TÉRMINO DE MATERIA | |
| Término de materia o nombre geográfico como elemento de entrada | Mujeres- |
| Subdivisión general | Psicología. |
| 9 (RLIN) | 15309 |
| 700 1# - ENTRADA AGREGADA--NOMBRE PERSONAL | |
| Nombre de persona | Vela, Fernando. |
| 9 (RLIN) | 113674 |
| 852 ## - LOCALIZACIÓN | |
| Ubicación | ES-MaACL |
| Número de control de estantería | C-9956 |
| Estatus retirado | Estado de pérdida | Estado de daño | No para préstamo | Biblioteca de origen | Biblioteca actual | Ubicación en estantería | Fecha de adquisición | Fuente de adquisición | Total de préstamos | Signatura topográfica completa | Código de barras | Visto por última vez | Precio de reemplazo | Tipo de ítem Koha |
|---|---|---|---|---|---|---|---|---|---|---|---|---|---|---|
| Biblioteca del Ateneo de Madrid | Biblioteca del Ateneo de Madrid | Sala Palomar | 17/01/2008 | C-9956 | 1039641 | 23/02/2023 | 23/02/2023 | Libro impreso |
